[Event "ODJM A 2024"]
[Site "Willingen GER"]
[Date "2024.05.21"]
[Round "4"]
[White "Werner, Florin"]
[Black "Köhler, Lukas"]
[Result "0-1"]
[Termination "normal"]
[Board "10"]
[WhiteElo "1893"]
[BlackElo "2039"]
[WhiteClock "00:28:12"]
[BlackClock "00:03:09"]
[PlyCount "86"]
[WhiteFideId "16250230"]
[BlackFideId "16221990"]
[EventCountry "GER"]
[EventRounds "9"]
[EventType "swiss"]
[EventDate "2024.05.18"]

1. e4 {[%clk 01:30:55]} {[%emt 00:00:03]} e5 {[%clk 01:30:41]} {[%emt
00:00:19]} 2. Nf3 {[%clk 01:31:15]} {[%emt 00:00:09]} Nc6 {[%clk 01:31:05]}
{[%emt 00:00:08]} 3. Bb5 {[%clk 01:31:40]} {[%emt 00:00:05]} g6 {[%clk
01:31:17]} {[%emt 00:00:18]} 4. O-O {[%clk 01:31:44]} {[%emt 00:00:26]} Bg7
{[%clk 01:31:36]} {[%emt 00:00:12]} 5. c3 {[%clk 01:31:44]} {[%emt 00:00:30]}
a6 {[%clk 01:31:24]} {[%emt 00:00:42]} 6. Ba4 {[%clk 01:31:53]} {[%emt
00:00:20]} d6 {[%clk 01:31:45]} {[%emt 00:00:09]} 7. d4 {[%clk 01:31:30]}
{[%emt 00:00:53]} Bd7 {[%clk 01:32:07]} {[%emt 00:00:08]} 8. Re1 {[%clk
01:29:48]} {[%emt 00:02:12]} b5 {[%clk 01:31:19]} {[%emt 00:01:18]} 9. Bb3
{[%clk 01:30:10]} {[%emt 00:00:08]} Nf6 {[%clk 01:31:35]} {[%emt 00:00:14]} 10.
h3 {[%clk 01:30:22]} {[%emt 00:00:18]} O-O {[%clk 01:31:51]} {[%emt 00:00:14]}
11. Nbd2 {[%clk 01:30:38]} {[%emt 00:00:14]} h6 {[%clk 01:29:54]} {[%emt
00:02:26]} 12. Nf1 {[%clk 01:30:46]} {[%emt 00:00:21]} Re8 {[%clk 01:28:03]}
{[%emt 00:02:23]} 13. Ng3 {[%clk 01:29:32]} {[%emt 00:01:44]} Na5 {[%clk
01:24:55]} {[%emt 00:03:38]} 14. Bc2 {[%clk 01:28:44]} {[%emt 00:01:18]} c5
{[%clk 01:23:30]} {[%emt 00:01:56]} 15. d5 {[%clk 01:29:07]} {[%emt 00:00:06]}
Rf8 {[%clk 01:13:10]} {[%emt 00:10:50]} 16. Nh2 {[%clk 01:26:53]} {[%emt
00:02:44]} Ne8 {[%clk 01:05:30]} {[%emt 00:08:10]} 17. Ng4 {[%clk 01:17:01]}
{[%emt 00:10:22]} Kh7 {[%clk 00:55:04]} {[%emt 00:10:56]} 18. f4 {[%clk
01:04:10]} {[%emt 00:13:21]} Qh4 {[%clk 00:47:01]} {[%emt 00:08:32]} 19. Qf3
{[%clk 00:58:14]} {[%emt 00:06:27]} Bxg4 {[%clk 00:45:45]} {[%emt 00:01:46]}
20. Qxg4 {[%clk 00:53:39]} {[%emt 00:05:05]} Qxg4 {[%clk 00:45:46]} {[%emt
00:00:29]} 21. hxg4 {[%clk 00:54:03]} {[%emt 00:00:06]} exf4 {[%clk 00:44:15]}
{[%emt 00:02:01]} 22. Bxf4 {[%clk 00:54:17]} {[%emt 00:00:15]} Nc4 {[%clk
00:43:54]} {[%emt 00:00:52]} 23. Bc1 {[%clk 00:52:00]} {[%emt 00:02:47]} b4
{[%clk 00:18:35]} {[%emt 00:25:49]} 24. cxb4 {[%clk 00:45:36]} {[%emt
00:06:54]} cxb4 {[%clk 00:18:57]} {[%emt 00:00:07]} 25. Rb1 {[%clk 00:45:45]}
{[%emt 00:00:22]} Nf6 {[%clk 00:14:29]} {[%emt 00:04:58]} 26. b3 {[%clk
00:40:28]} {[%emt 00:05:47]} Na3 {[%clk 00:14:16]} {[%emt 00:00:43]} 27. Bxa3
bxa3 {[%clk 00:14:45]} 28. Bd1 {[%clk 00:40:45]} {[%emt 00:00:27]} Rac8 {[%clk
00:13:54]} {[%emt 00:01:21]} 29. Bf3 {[%clk 00:40:46]} {[%emt 00:00:29]} Nd7
{[%clk 00:09:57]} {[%emt 00:04:26]} 30. Rbd1 {[%clk 00:37:05]} {[%emt
00:04:10]} Rc2 {[%clk 00:08:12]} {[%emt 00:02:16]} 31. Re2 {[%clk 00:37:10]}
{[%emt 00:00:26]} Rfc8 {[%clk 00:08:30]} {[%emt 00:00:12]} 32. Rdd2 {[%clk
00:37:07]} {[%emt 00:00:33]} Rb2 {[%clk 00:08:21]} {[%emt 00:00:38]} 33. Kf2
{[%clk 00:37:00]} {[%emt 00:00:36]} Rc1 {[%clk 00:07:00]} {[%emt 00:01:52]} 34.
b4 {[%clk 00:32:08]} {[%emt 00:05:22]} Ra1 {[%clk 00:05:14]} {[%emt 00:02:16]}
35. Rd3 {[%clk 00:30:52]} {[%emt 00:01:46]} Raxa2 {[%clk 00:05:02]} {[%emt
00:00:43]} 36. Kf1 {[%clk 00:28:48]} {[%emt 00:02:33]} Ne5 {[%clk 00:03:35]}
{[%emt 00:01:58]} 37. Rde3 {[%clk 00:27:13]} {[%emt 00:02:04]} Nxf3 {[%clk
00:03:32]} {[%emt 00:00:33]} 38. gxf3 {[%clk 00:27:26]} {[%emt 00:00:18]} Rxe2
{[%clk 00:03:40]} {[%emt 00:00:21]} 39. Nxe2 {[%clk 00:27:40]} {[%emt
00:00:16]} Rxe2 {[%clk 00:02:28]} {[%emt 00:01:43]} 40. Rxa3 {[%clk 00:28:03]}
{[%emt 00:00:06]} Rb2 {[%clk 00:02:28]} {[%emt 00:00:30]} 41. Rxa6 {[%clk
00:28:26]} {[%emt 00:00:08]} Be5 {[%clk 00:02:47]} {[%emt 00:00:11]} 42. Ra7
{[%clk 00:27:48]} {[%emt 00:01:08]} Kg7 {[%clk 00:02:59]} {[%emt 00:00:17]} 43.
Rb7 {[%clk 00:28:12]} {[%emt 00:00:06]} h5 {[%clk 00:03:09]} {[%emt 00:00:20]}
0-1

[Event "ODJM A 2024"]
[Site "Willingen GER"]
[Date "2024.05.21"]
[Round "4"]
[White "Kieselbach, Jannik"]
[Black "Brunner, Tobias"]
[Result "0-1"]
[Termination "normal"]
[Board "11"]
[WhiteElo "2003"]
[BlackElo "1997"]
[WhiteClock "00:06:15"]
[BlackClock "00:14:03"]
[PlyCount "114"]
[WhiteFideId "16246403"]
[BlackFideId "12949833"]
[EventCountry "GER"]
[EventRounds "9"]
[EventType "swiss"]
[EventDate "2024.05.18"]

1. e4 {[%clk 01:30:56]} {[%emt 00:00:04]} e5 {[%clk 01:30:51]} {[%emt
00:00:09]} 2. Nf3 {[%clk 01:29:06]} {[%emt 00:02:20]} Nc6 {[%clk 01:30:58]}
{[%emt 00:00:23]} 3. Bb5 {[%clk 01:28:53]} {[%emt 00:00:44]} g6 {[%clk
01:29:03]} {[%emt 00:02:24]} 4. d4 {[%clk 01:13:51]} {[%emt 00:15:32]} exd4
{[%clk 01:23:02]} {[%emt 00:06:32]} 5. Nxd4 {[%clk 01:12:48]} {[%emt 00:01:32]}
Bg7 {[%clk 01:22:42]} {[%emt 00:00:50]} 6. c3 {[%clk 01:10:26]} {[%emt
00:02:53]} Nf6 {[%clk 01:18:09]} {[%emt 00:05:02]} 7. O-O {[%clk 01:06:31]}
{[%emt 00:04:25]} h6 {[%clk 01:11:41]} {[%emt 00:06:59]} 8. f3 {[%clk
01:02:26]} {[%emt 00:04:34]} O-O {[%clk 01:11:34]} {[%emt 00:00:37]} 9. Na3
{[%clk 00:39:29]} {[%emt 00:23:28]} a6 {[%clk 01:09:26]} {[%emt 00:02:37]} 10.
Be2 {[%clk 00:37:07]} {[%emt 00:02:52]} Re8 {[%clk 01:07:01]} {[%emt 00:02:56]}
11. Nac2 {[%clk 00:28:23]} {[%emt 00:09:14]} d5 {[%clk 00:54:58]} {[%emt
00:12:33]} 12. Nxc6 {[%clk 00:25:32]} {[%emt 00:03:21]} bxc6 {[%clk 00:53:24]}
{[%emt 00:02:04]} 13. exd5 {[%clk 00:25:38]} {[%emt 00:00:24]} cxd5 {[%clk
00:53:39]} {[%emt 00:00:15]} 14. Be3 {[%clk 00:22:54]} {[%emt 00:03:13]} Qd6
{[%clk 00:50:05]} {[%emt 00:04:03]} 15. Bf2 {[%clk 00:17:02]} {[%emt 00:06:23]}
Nh5 {[%clk 00:47:10]} {[%emt 00:03:26]} 16. Re1 {[%clk 00:16:06]} {[%emt
00:01:26]} Bd7 {[%clk 00:39:07]} {[%emt 00:08:32]} 17. Bd4 {[%clk 00:13:42]}
{[%emt 00:02:54]} c5 {[%clk 00:36:08]} {[%emt 00:03:29]} 18. Bxg7 {[%clk
00:13:47]} {[%emt 00:00:26]} Nxg7 {[%clk 00:36:33]} {[%emt 00:00:05]} 19. Bf1
{[%clk 00:12:18]} {[%emt 00:01:59]} Rxe1 {[%clk 00:28:07]} {[%emt 00:08:55]}
20. Qxe1 {[%clk 00:12:03]} {[%emt 00:00:45]} Re8 {[%clk 00:27:59]} {[%emt
00:00:38]} 21. Qd2 {[%clk 00:12:16]} {[%emt 00:00:17]} Kh7 {[%clk 00:27:25]}
{[%emt 00:01:04]} 22. Rd1 {[%clk 00:11:41]} {[%emt 00:01:05]} Bf5 {[%clk
00:25:16]} {[%emt 00:02:38]} 23. Bd3 {[%clk 00:08:04]} {[%emt 00:04:08]} Be6
{[%clk 00:21:26]} {[%emt 00:04:21]} 24. Kh1 {[%clk 00:06:14]} {[%emt 00:02:20]}
Qb6 {[%clk 00:21:26]} {[%emt 00:00:30]} 25. b3 {[%clk 00:05:41]} {[%emt
00:01:03]} Rd8 {[%clk 00:19:35]} {[%emt 00:02:21]} 26. Ne3 {[%clk 00:05:02]}
{[%emt 00:01:09]} a5 {[%clk 00:15:35]} {[%emt 00:04:30]} 27. Be4 {[%clk
00:02:09]} {[%emt 00:03:22]} d4 {[%clk 00:15:28]} {[%emt 00:00:37]} 28. cxd4
{[%clk 00:02:17]} {[%emt 00:00:22]} Rxd4 {[%clk 00:15:35]} {[%emt 00:00:22]}
29. Qc2 {[%clk 00:02:11]} {[%emt 00:00:37]} Qd6 {[%clk 00:15:43]} {[%emt
00:00:22]} 30. Rxd4 {[%clk 00:01:51]} {[%emt 00:00:51]} Qxd4 {[%clk 00:16:03]}
{[%emt 00:00:09]} 31. Nd1 {[%clk 00:01:23]} {[%emt 00:00:58]} c4 {[%clk
00:13:50]} {[%emt 00:02:44]} 32. bxc4 {[%clk 00:01:19]} {[%emt 00:00:35]} Bxc4
{[%clk 00:14:02]} {[%emt 00:00:17]} 33. h3 {[%clk 00:01:12]} {[%emt 00:00:37]}
Bxa2 {[%clk 00:13:40]} {[%emt 00:00:51]} 34. Qxa2 {[%clk 00:01:08]} {[%emt
00:00:34]} Qxd1+ {[%clk 00:14:01]} {[%emt 00:00:09]} 35. Kh2 {[%clk 00:01:36]}
{[%emt 00:00:03]} Qd6+ {[%clk 00:13:21]} {[%emt 00:01:09]} 36. Kh1 {[%clk
00:01:30]} {[%emt 00:00:36]} Qc7 {[%clk 00:13:02]} {[%emt 00:00:49]} 37. Bd5
{[%clk 00:01:17]} {[%emt 00:00:44]} Kg8 {[%clk 00:10:25]} {[%emt 00:03:07]} 38.
Qe2 {[%clk 00:00:48]} {[%emt 00:00:59]} Nf5 {[%clk 00:10:10]} {[%emt 00:00:44]}
39. Qb5 {[%clk 00:00:55]} {[%emt 00:00:24]} h5 {[%clk 00:03:35]} {[%emt
00:07:06]} 40. Qe8+ {[%clk 00:00:50]} {[%emt 00:00:34]} Kg7 {[%clk 00:03:58]}
{[%emt 00:00:07]} 41. Bxf7 {[%clk 00:18:27]} {[%emt 00:12:53]} Qxf7 {[%clk
00:30:20]} {[%emt 00:04:08]} 42. Qe5+ {[%clk 00:18:50]} {[%emt 00:00:07]} Qf6
{[%clk 00:30:06]} {[%emt 00:00:44]} 43. Qxa5 {[%clk 00:17:48]} {[%emt
00:01:32]} h4 {[%clk 00:30:21]} {[%emt 00:00:14]} 44. Qc7+ {[%clk 00:16:59]}
{[%emt 00:01:20]} Qe7 {[%clk 00:28:51]} {[%emt 00:02:00]} 45. Qc3+ {[%clk
00:16:29]} {[%emt 00:01:00]} Kh7 {[%clk 00:28:56]} {[%emt 00:00:25]} 46. Qa5
{[%clk 00:12:58]} {[%emt 00:04:02]} Qd6 {[%clk 00:27:32]} {[%emt 00:01:53]} 47.
Qa7+ {[%clk 00:12:34]} {[%emt 00:00:54]} Kh6 {[%clk 00:27:38]} {[%emt
00:00:23]} 48. Qa1 {[%clk 00:11:57]} {[%emt 00:01:09]} Ne3 {[%clk 00:23:07]}
{[%emt 00:05:00]} 49. Qb2 {[%clk 00:04:45]} {[%emt 00:07:42]} Qd1+ {[%clk
00:22:15]} {[%emt 00:01:22]} 50. Kh2 {[%clk 00:05:04]} {[%emt 00:00:11]} Nf1+
{[%clk 00:20:37]} {[%emt 00:02:08]} 51. Kg1 {[%clk 00:05:21]} {[%emt 00:00:12]}
Ng3+ {[%clk 00:20:19]} {[%emt 00:00:49]} 52. Kf2 {[%clk 00:05:27]} {[%emt
00:00:24]} Qf1+ {[%clk 00:20:21]} {[%emt 00:00:28]} 53. Ke3 {[%clk 00:05:41]}
{[%emt 00:00:15]} Nf5+ {[%clk 00:20:41]} {[%emt 00:00:10]} 54. Ke4 {[%clk
00:05:25]} {[%emt 00:00:46]} Qc4+ {[%clk 00:18:55]} {[%emt 00:02:16]} 55. Ke5
{[%clk 00:05:45]} {[%emt 00:00:10]} Qc5+ {[%clk 00:15:29]} {[%emt 00:03:56]}
56. Ke4 {[%clk 00:06:06]} {[%emt 00:00:09]} Nd6+ {[%clk 00:14:05]} {[%emt
00:01:55]} 57. Kd3 {[%clk 00:06:15]} {[%emt 00:00:22]} Qb5+ {[%clk 00:14:03]}
{[%emt 00:00:32]} 0-1

[Event "ODJM A 2024"]
[Site "Willingen GER"]
[Date "2024.05.21"]
[Round "4"]
[White "Bock, Marlon"]
[Black "Drygala, Lars"]
[Result "1/2-1/2"]
[Termination "normal"]
[Board "12"]
[WhiteElo "2049"]
[BlackElo "1994"]
[WhiteClock "00:17:58"]
[BlackClock "00:50:24"]
[PlyCount "49"]
[WhiteFideId "16244931"]
[BlackFideId "34617779"]
[EventCountry "GER"]
[EventRounds "9"]
[EventType "swiss"]
[EventDate "2024.05.18"]

1. d4 {[%clk 01:30:57]} {[%emt 00:00:02]} Nf6 {[%clk 01:30:50]} {[%emt
00:00:10]} 2. c4 {[%clk 01:31:23]} {[%emt 00:00:05]} e6 {[%clk 01:31:12]}
{[%emt 00:00:08]} 3. Nc3 {[%clk 01:31:48]} {[%emt 00:00:04]} d5 {[%clk
01:31:34]} {[%emt 00:00:08]} 4. cxd5 {[%clk 01:32:12]} {[%emt 00:00:07]} exd5
{[%clk 01:31:57]} {[%emt 00:00:07]} 5. Bg5 {[%clk 01:32:35]} {[%emt 00:00:07]}
Be7 {[%clk 01:32:19]} {[%emt 00:00:08]} 6. e3 {[%clk 01:32:59]} {[%emt
00:00:06]} O-O {[%clk 01:32:39]} {[%emt 00:00:10]} 7. Bd3 {[%clk 01:33:18]}
{[%emt 00:00:10]} Nbd7 {[%clk 01:32:59]} {[%emt 00:00:10]} 8. Qc2 {[%clk
01:33:19]} {[%emt 00:00:30]} b6 {[%clk 01:33:04]} {[%emt 00:00:25]} 9. Nf3
{[%clk 01:24:40]} {[%emt 00:09:08]} Bb7 {[%clk 01:32:54]} {[%emt 00:00:40]} 10.
O-O {[%clk 01:25:01]} {[%emt 00:00:09]} c5 {[%clk 01:28:49]} {[%emt 00:04:34]}
11. Ne5 {[%clk 01:22:31]} {[%emt 00:03:01]} Nxe5 {[%clk 01:23:52]} {[%emt
00:05:27]} 12. dxe5 {[%clk 01:20:13]} {[%emt 00:02:49]} Nd7 {[%clk 01:18:24]}
{[%emt 00:05:57]} 13. Bf4 {[%clk 01:04:51]} {[%emt 00:15:53]} h5 {[%clk
01:07:18]} {[%emt 00:11:35]} 14. Qe2 {[%clk 00:59:09]} {[%emt 00:06:12]} g6
{[%clk 01:05:11]} {[%emt 00:02:37]} 15. e6 {[%clk 00:53:19]} {[%emt 00:06:20]}
fxe6 {[%clk 01:04:04]} {[%emt 00:01:37]} 16. Bxg6 {[%clk 00:50:28]} {[%emt
00:03:21]} Nf6 {[%clk 01:01:06]} {[%emt 00:03:28]} 17. Bh6 {[%clk 00:43:43]}
{[%emt 00:07:14]} Qd6 {[%clk 01:00:07]} {[%emt 00:01:30]} 18. Bxf8 {[%clk
00:37:26]} {[%emt 00:06:47]} Rxf8 {[%clk 01:00:26]} {[%emt 00:00:12]} 19. f4
{[%clk 00:37:07]} {[%emt 00:00:49]} Kg7 {[%clk 00:57:37]} {[%emt 00:03:18]} 20.
Bc2 {[%clk 00:36:19]} {[%emt 00:01:18]} Qc6 {[%clk 00:55:01]} {[%emt 00:03:07]}
21. Ba4 {[%clk 00:31:59]} {[%emt 00:04:50]} Qc7 {[%clk 00:54:41]} {[%emt
00:00:49]} 22. Rad1 {[%clk 00:31:46]} {[%emt 00:00:43]} Rg8 {[%clk 00:54:06]}
{[%emt 00:01:06]} 23. Rd2 {[%clk 00:26:03]} {[%emt 00:06:13]} Kf8 {[%clk
00:53:00]} {[%emt 00:01:36]} 24. Nb5 {[%clk 00:24:09]} {[%emt 00:02:24]} Qb8
{[%clk 00:50:24]} {[%emt 00:03:06]} 25. Qd1 {[%clk 00:17:58]} {[%emt 00:06:41]}
1/2-1/2

[Event "ODJM A 2024"]
[Site "Willingen GER"]
[Date "2024.05.21"]
[Round "4"]
[White "Meiwes, Thore"]
[Black "Zobel, Christian"]
[Result "1-0"]
[Termination "normal"]
[Board "13"]
[WhiteElo "2050"]
[BlackElo "2013"]
[WhiteClock "00:05:18"]
[BlackClock "00:06:31"]
[PlyCount "163"]
[WhiteFideId "16201256"]
[BlackFideId "16259068"]
[EventCountry "GER"]
[EventRounds "9"]
[EventType "swiss"]
[EventDate "2024.05.18"]

1. d4 {[%clk 01:30:59]} Nf6 {[%clk 01:30:35]} {[%emt 00:00:26]} 2. Nf3 {[%clk
01:31:25]} {[%emt 00:00:03]} d5 {[%clk 01:30:49]} {[%emt 00:00:15]} 3. Bf4
{[%clk 01:31:49]} {[%emt 00:00:07]} c5 {[%clk 01:31:06]} {[%emt 00:00:13]} 4.
c3 {[%clk 01:32:15]} {[%emt 00:00:04]} Nc6 {[%clk 01:31:17]} {[%emt 00:00:19]}
5. e3 {[%clk 01:32:39]} {[%emt 00:00:06]} cxd4 {[%clk 01:31:26]} {[%emt
00:00:21]} 6. exd4 {[%clk 01:32:45]} {[%emt 00:00:24]} Qb6 {[%clk 01:29:51]}
{[%emt 00:02:05]} 7. Qb3 {[%clk 01:32:59]} {[%emt 00:00:17]} Qxb3 {[%clk
01:27:40]} {[%emt 00:02:40]} 8. axb3 {[%clk 01:33:25]} {[%emt 00:00:03]} e6
{[%clk 01:26:30]} {[%emt 00:01:40]} 9. b4 {[%clk 01:33:14]} {[%emt 00:00:42]}
Nh5 {[%clk 01:24:09]} {[%emt 00:02:51]} 10. Be3 {[%clk 01:33:22]} {[%emt
00:00:21]} Bd6 {[%clk 01:23:39]} {[%emt 00:01:00]} 11. g3 {[%clk 01:33:17]}
{[%emt 00:00:36]} O-O {[%clk 01:22:58]} {[%emt 00:01:11]} 12. Be2 {[%clk
01:31:10]} {[%emt 00:02:37]} Nf6 {[%clk 01:22:05]} {[%emt 00:01:22]} 13. O-O
{[%clk 01:28:19]} {[%emt 00:03:22]} Ne4 {[%clk 01:13:18]} {[%emt 00:09:17]} 14.
Nbd2 {[%clk 01:27:52]} {[%emt 00:00:56]} Nxd2 {[%clk 01:12:24]} {[%emt
00:01:24]} 15. Nxd2 {[%clk 01:28:02]} {[%emt 00:00:20]} Bd7 {[%clk 01:09:41]}
{[%emt 00:03:13]} 16. Nb3 {[%clk 01:28:06]} {[%emt 00:00:27]} a6 {[%clk
01:02:11]} {[%emt 00:08:00]} 17. Nc5 {[%clk 01:26:28]} {[%emt 00:02:07]} Bxc5
{[%clk 01:00:16]} {[%emt 00:02:26]} 18. bxc5 {[%clk 01:26:56]} {[%emt
00:00:02]} f6 {[%clk 00:56:40]} {[%emt 00:04:05]} 19. Bf3 {[%clk 01:25:16]}
{[%emt 00:02:10]} Ne7 {[%clk 00:55:36]} {[%emt 00:01:34]} 20. Bg2 {[%clk
01:21:26]} {[%emt 00:04:20]} Bc6 {[%clk 00:50:08]} {[%emt 00:05:58]} 21. Bf4
{[%clk 01:16:14]} {[%emt 00:05:42]} Ng6 {[%clk 00:46:08]} {[%emt 00:04:30]} 22.
Bd6 {[%clk 01:16:33]} {[%emt 00:00:12]} Rfe8 {[%clk 00:46:13]} {[%emt
00:00:24]} 23. Rad1 {[%clk 01:15:25]} {[%emt 00:01:39]} a5 {[%clk 00:42:12]}
{[%emt 00:04:30]} 24. Rfe1 {[%clk 01:13:29]} {[%emt 00:02:26]} a4 {[%clk
00:40:30]} {[%emt 00:02:12]} 25. h4 {[%clk 01:02:29]} {[%emt 00:11:31]} Kf7
{[%clk 00:36:23]} {[%emt 00:04:36]} 26. Ra1 {[%clk 00:53:53]} {[%emt 00:09:06]}
Ne7 {[%clk 00:27:15]} {[%emt 00:09:38]} 27. Bh3 {[%clk 00:49:30]} {[%emt
00:04:53]} Nc8 {[%clk 00:26:00]} {[%emt 00:01:45]} 28. Bf4 {[%clk 00:48:45]}
{[%emt 00:01:15]} Na7 {[%clk 00:23:02]} {[%emt 00:03:27]} 29. Re3 {[%clk
00:46:06]} {[%emt 00:03:10]} Nb5 {[%clk 00:19:10]} {[%emt 00:04:22]} 30. Ra2
{[%clk 00:43:30]} {[%emt 00:03:06]} Na7 {[%clk 00:09:31]} {[%emt 00:10:09]} 31.
Re1 {[%clk 00:40:59]} {[%emt 00:03:01]} Bb5 {[%clk 00:07:31]} {[%emt 00:02:30]}
32. Bg4 {[%clk 00:37:27]} {[%emt 00:04:01]} Nc6 {[%clk 00:06:50]} {[%emt
00:01:12]} 33. Bd6 {[%clk 00:30:20]} {[%emt 00:07:37]} Na5 {[%clk 00:06:47]}
{[%emt 00:00:33]} 34. Bd1 {[%clk 00:28:18]} {[%emt 00:02:32]} Nc4 {[%clk
00:06:40]} {[%emt 00:00:38]} 35. Bf4 {[%clk 00:21:59]} {[%emt 00:06:48]} e5
{[%clk 00:06:32]} {[%emt 00:00:38]} 36. dxe5 {[%clk 00:20:48]} {[%emt
00:01:42]} fxe5 {[%clk 00:06:59]} {[%emt 00:00:02]} 37. Bg5 {[%clk 00:19:46]}
{[%emt 00:01:32]} h6 {[%clk 00:06:28]} {[%emt 00:01:01]} 38. Bc1 {[%clk
00:19:44]} {[%emt 00:00:32]} d4 {[%clk 00:05:17]} {[%emt 00:01:41]} 39. Bh5+
{[%clk 00:16:12]} {[%emt 00:04:02]} g6 {[%clk 00:05:40]} {[%emt 00:00:07]} 40.
Be2 {[%clk 00:14:26]} {[%emt 00:02:16]} h5 {[%clk 00:03:49]} {[%emt 00:02:22]}
41. Bg5 {[%clk 00:11:13]} {[%emt 00:03:43]} dxc3 {[%clk 00:25:56]} {[%emt
00:08:22]} 42. bxc3 {[%clk 00:40:56]} {[%emt 00:00:46]} Rec8 {[%clk 00:20:21]}
{[%emt 00:06:06]} 43. Rb1 {[%clk 00:39:54]} {[%emt 00:01:32]} Ba6 {[%clk
00:20:18]} {[%emt 00:00:34]} 44. Rxa4 {[%clk 00:39:25]} {[%emt 00:00:58]} Rxc5
{[%clk 00:20:16]} {[%emt 00:00:32]} 45. Bf3 {[%clk 00:29:18]} {[%emt 00:10:37]}
Nd6 {[%clk 00:16:46]} {[%emt 00:04:00]} 46. Rd1 {[%clk 00:25:48]} {[%emt
00:04:01]} Ke6 {[%clk 00:14:21]} {[%emt 00:02:54]} 47. Rb4 {[%clk 00:24:10]}
{[%emt 00:02:08]} Rxc3 {[%clk 00:09:09]} {[%emt 00:05:43]} 48. Bd5+ {[%clk
00:24:13]} {[%emt 00:00:26]} Kd7 {[%clk 00:07:46]} {[%emt 00:01:53]} 49. Bxb7
{[%clk 00:22:51]} {[%emt 00:01:52]} Bxb7 {[%clk 00:08:04]} {[%emt 00:00:13]}
50. Rxb7+ {[%clk 00:23:14]} {[%emt 00:00:06]} Rc7 {[%clk 00:08:27]} {[%emt
00:00:06]} 51. Rb5 {[%clk 00:18:53]} {[%emt 00:04:51]} Re8 {[%clk 00:08:00]}
{[%emt 00:00:58]} 52. Rbd5 {[%clk 00:18:15]} {[%emt 00:01:08]} Re6 {[%clk
00:08:09]} {[%emt 00:00:20]} 53. Re1 {[%clk 00:16:53]} {[%emt 00:01:52]} e4
{[%clk 00:08:16]} {[%emt 00:00:23]} 54. Bf4 {[%clk 00:17:11]} {[%emt 00:00:12]}
Rc6 {[%clk 00:08:14]} {[%emt 00:00:33]} 55. Ra1 {[%clk 00:14:53]} {[%emt
00:02:47]} Rc7 {[%clk 00:06:44]} {[%emt 00:02:01]} 56. Kf1 {[%clk 00:14:46]}
{[%emt 00:00:37]} Ke7 {[%clk 00:06:24]} {[%emt 00:00:48]} 57. Ra6 {[%clk
00:12:48]} {[%emt 00:02:30]} Rd7 {[%clk 00:06:41]} {[%emt 00:00:14]} 58. Ke2
{[%clk 00:11:07]} {[%emt 00:02:10]} Nf7 {[%clk 00:05:57]} {[%emt 00:01:14]} 59.
Rxe6+ {[%clk 00:09:56]} {[%emt 00:01:41]} Kxe6 {[%clk 00:06:25]} {[%emt
00:00:02]} 60. Rxd7 {[%clk 00:10:17]} {[%emt 00:00:09]} Kxd7 {[%clk 00:06:53]}
{[%emt 00:00:02]} 61. Ke3 {[%clk 00:10:37]} {[%emt 00:00:09]} Ke6 {[%clk
00:07:12]} {[%emt 00:00:11]} 62. Kxe4 {[%clk 00:10:58]} {[%emt 00:00:10]} Nd8
{[%clk 00:07:22]} {[%emt 00:00:19]} 63. Bd2 {[%clk 00:10:37]} {[%emt 00:00:51]}
Nc6 {[%clk 00:07:12]} {[%emt 00:00:42]} 64. Bc3 {[%clk 00:11:03]} {[%emt
00:00:03]} Ne7 {[%clk 00:07:30]} {[%emt 00:00:12]} 65. Bb2 {[%clk 00:11:13]}
{[%emt 00:00:20]} Nd5 {[%clk 00:07:13]} {[%emt 00:00:47]} 66. Bd4 {[%clk
00:11:30]} {[%emt 00:00:12]} Ne7 {[%clk 00:07:15]} {[%emt 00:00:29]} 67. Kf4
{[%clk 00:11:48]} {[%emt 00:00:12]} Nd5+ {[%clk 00:06:38]} {[%emt 00:01:07]}
68. Kg5 {[%clk 00:12:01]} {[%emt 00:00:17]} Kf7 {[%clk 00:07:05]} {[%emt
00:00:03]} 69. Be5 {[%clk 00:11:59]} {[%emt 00:00:31]} Ne7 {[%clk 00:07:03]}
{[%emt 00:00:33]} 70. Bd6 {[%clk 00:11:58]} {[%emt 00:00:29]} Nc6 {[%clk
00:07:18]} {[%emt 00:00:17]} 71. Bc5 {[%clk 00:12:09]} {[%emt 00:00:19]} Nd8
{[%clk 00:07:31]} {[%emt 00:00:17]} 72. Kh6 {[%clk 00:11:00]} {[%emt 00:01:39]}
Ne6 {[%clk 00:07:45]} {[%emt 00:00:15]} 73. Be3 {[%clk 00:10:49]} {[%emt
00:00:42]} Nf8 {[%clk 00:07:50]} {[%emt 00:00:25]} 74. Bd4 {[%clk 00:10:28]}
{[%emt 00:00:51]} Ne6 {[%clk 00:08:13]} {[%emt 00:00:07]} 75. Be5 {[%clk
00:10:08]} {[%emt 00:00:50]} Nc5 {[%clk 00:08:19]} {[%emt 00:00:24]} 76. f4
{[%clk 00:08:31]} {[%emt 00:02:07]} Ne4 {[%clk 00:05:44]} {[%emt 00:03:04]} 77.
f5 {[%clk 00:08:17]} {[%emt 00:00:44]} gxf5 {[%clk 00:06:08]} {[%emt 00:00:06]}
78. Kxh5 {[%clk 00:08:26]} {[%emt 00:00:21]} Nf2 {[%clk 00:05:54]} {[%emt
00:00:45]} 79. Kg5 {[%clk 00:07:37]} {[%emt 00:01:18]} Ke6 {[%clk 00:06:16]}
{[%emt 00:00:08]} 80. Bc7 {[%clk 00:05:36]} {[%emt 00:02:31]} Nh3+ {[%clk
00:06:25]} {[%emt 00:00:22]} 81. Kg6 {[%clk 00:05:55]} {[%emt 00:00:11]} Nf2
{[%clk 00:06:31]} {[%emt 00:00:24]} 82. h5 {[%clk 00:05:18]} {[%emt 00:01:06]}
1-0